书目信息 |
| 题名: |
中国自然灾害时空格局
|
|
| 作者: | 王静爱 著 | |
| 分册: | ||
| 出版信息: | 北京 科学出版社 2006.12 |
|
| 页数: | ||
| 开本: | 16开 | |
| 丛书名: | ||
| 单 册: | ||
| 中图分类: | X432 | |
| 科图分类: | ||
| 主题词: | 自然灾害 , 自然灾害--防治 | |
| 电子资源: | ||
| ISBN: | 7-03-018105-0 | |
| 000 | 00562nam0 2200193 450 | |
| 001 | 0736196517 | |
| 005 | 20070924100316.51 | |
| 010 | @a7-03-018105-0@d¥65.00 | |
| 100 | @a20070924d km y0chiy0120 ea | |
| 101 | 0 | @achi |
| 200 | 1 | @a中国自然灾害时空格局@Azhong guo zi ran zai hai shi kong ge ju@f王静爱 等著@Fwang jing ai deng zhu |
| 210 | @a北京@c科学出版社@d2006.12 | |
| 215 | @d16开 | |
| 606 | 0 | @a自然灾害 |
| 606 | 0 | @a自然灾害@x防治 |
| 690 | @aX432@v3 | |
| 701 | 0 | @a王静爱@Awang jing ai@4著 |
| 801 | 0 | @aCN@bPFT@c20070924 |
| 905 | @a213230@dX432@eZY145@f1 | |
| 中国自然灾害时空格局/王静爱 等著.-北京:科学出版社,2006.12 |
| 16开 |
| ISBN 7-03-018105-0:¥65.00 |
| ● |
| 相关链接 |
|
|
|
|
正题名:中国自然灾害时空格局
索取号:X432/ZY145
 
预约/预借
| 序号 | 登录号 | 条形码 | 馆藏地/架位号 | 状态 | 备注 |
| 1 | 7902501 | 279025010 | 密集书库-资源管理系/ [索取号:X432/ZY145] | 在馆 |